000 00373pab a2200145 454500
008 180718b1988 xxu||||| |||| 00| 0 eng d
100 _aHancox, Andy
245 _aImproving local government's image
_bAn agenda for action
260 _c1988
300 _a13-17
362 _aMay-June
650 _aLocal Government
773 _aLocal Government Studies
909 _a12687
999 _c12687
_d12687